000 00789nam a2200217 i 4500
001 143885
003 ES-MaACL
005 20250716062533.0
007 t|
008 070214s1926 fr r ||||1| fre d
100 1 _aShakespeare, William,
_d1564-1616
_9105992
245 1 0 _aAntoine et Cleopâtre /
_c[par Shakespeare ] ; traduction de Georges Lambin [et texte anglais d'après l'ancienne édition `Cambridge`].
260 _aParis :
_bLes Belles Lettres,
_c1926 (
_eAnvers [Bélgica] :
_fFlor Burton)
300 _aXX, 285 p. ;
_c15 cm.
490 1 _aCol. Shakespeare, texte et traduction
500 _aEdición bilingüe.
700 1 _aLambin, Georges.
_969826
830 0 _aCol. Shakespeare, texte et traduction
_9187295
852 _aES-MaACL
_jA-2592
999 _c143885
_d143885